000 00979cam a2200301 i 4500
001 4156843
003 SISC
005 20160404151816.0
008 780911t19791978nyu b 001 0 eng
010 _a 78055633
020 _a0394726499
_c$3.95
040 _aDLC
_cDLC
_dDLC
043 _an-us---
050 0 0 _aHN90.E4
_b.D668 1979
082 0 0 _aHS 301.44'92
_bD71 1979
100 1 _aDomhoff, G. William.
_911082
245 1 4 _aThe powers that be :
_bprocesses of ruling-class domination in America /
_cG. William Domhoff.
260 _aNew York :
_bVintage Books,
_c1979
300 _a 206 p. ;
_c20 cm.
650 0 _aElite (Social sciences)
_zUnited States.
_911083
650 0 _aPower (Social sciences)
_910999
650 0 _aPolitics and government
_911084
651 0 _aUnited States
_xPolitics and government.
_911085
651 0 _aUnited States
_xSocial policy.
_911086
906 _a7
_bcbc
_corignew
_d1
_eocip
_f19
_gy-gencatlg
942 _2lcc
_cBK
999 _c8772
_d8772